000 00731nam a2200217Ia 4500
003 GCL
008 140319s9999 xx 000 0 ara d
040 _aGCL /
_cGCL
082 0 4 _a254.1
_bم ا
100 1 _aمحمد ناصر الدين الالبانى
245 1 0 _aاداب الزفاف فى السنة المطهرة /
_cمحمد ناصر الدين الالبانى
260 _a[S.N] :
_bمكتبة التراث الاسلامى ،
_c1989
300 _a362 ص
490 _a
650 0 4 _aالزفاف
650 0 4 _aاداب الزفاف
650 0 4 _aالزواج فى الاسلام
650 0 4 _aالاسرة فى الاسلام
650 0 4 _aالاحوال الشخصية للمسلمين
942 _2ddc
_cBK
999 _c49143
_d49143